000 00337nam a2200133Ia 4500
008 240624s9999 xx 000 0 und d
041 _aeng
082 _a519 KUM
100 _aKUMARESAN S
245 _aTOPOLOGY OF METRIC SPACES
260 _c2005
_aNew Delhi
_bNarosa Publishing House Pvt. Ltd.
300 _a162 : p.
365 _cRS
_b30
999 _c12636
_d12636